000 00870nam a2200253 a 4500
001 25053
003 CO-ViMGA
005 20230915232040.0
008 141112s2004 ck r 000 u spa d
020 _a9788426137050
040 _aCO-ViMGA
_bspa
_cCO-ViMGA
041 _aspa eng
043 _ae - uk - en
082 0 4 _aCOOg
100 1 _aCooper, Helen.
245 1 0 _aGalleta para perros /
_cHelen Cooper ; traducción castellana de Teresa Farran.
260 _aBarcelona :
_bEditorial Juventud,
_c2008.
300 _a[32] p. : il. ; 27 cm.
650 1 4 _aGalletas - Cuentos infantiles.
_938151
700 1 _aFarran, Teresa, tr.
_938152
852 _1.908.96
942 _2ddc
_cBK
999 _c3602
_d3602